Géométrie affine plane et nombres réels

Spremljeno u:
Bibliografski detalji
Glavni autori: Papy, Georges (auteur), Debbaut, Pierre (Autor)
Format: Knjiga
Jezik:francuski
Izdano: Bruselas Presses Universitaires de Bruxelles 1964
Serija:Collection Frédérique, 1
Teme:
Oznake: Dodaj oznaku
Bez oznaka, Budi prvi tko označuje ovaj zapis!

MARC

LEADER 00000nam a2200000 a 4500
001 UCQ9252
003 CL-VaPUC
008 981230e19640000BE |||||||||||||||||fre|d
082 0 4 |a 516.4  |b PAP  |2 21 
100 |a Papy, Georges  |e auteur  |9 423742 
700 0 |a Debbaut, Pierre  |e author  |9 423743 
245 1 0 |a Géométrie affine plane et nombres réels 
300 |a 65 p 
942 |c BK 
945 |d 19981230 00:00:00  |a crobeson 
260 |a Bruselas  |b Presses Universitaires de Bruxelles  |c 1964 
650 7 |a GEOMETRIA AFIN  |2 CL-VaPUC  |9 271228 
650 0 |a Geometría plana  |9 265855 
650 0 |a Números reales   |9 270334 
583 |a last modification  |c 19981230 00:00:00  |k Rodrigo Vera 
490 0 |a Collection Frédérique, 1 
999 |c 278330  |d 278328 
952 |0 0  |1 0  |4 0  |6 516_400000000000000_PAP_1964  |7 0  |8 A  |9 316820  |a BIBMAT  |b BIBMAT  |d 2019-11-20  |i 1313940  |o 516.4 PAP 1964  |p 1313940  |r 2025-01-07  |w 2019-11-20  |y BK  |k MAT